| 000 | 00841nam a2200205Ia 4500 | ||
|---|---|---|---|
| 003 | GCL | ||
| 008 | 140319s9999 xx 000 0 ara d | ||
| 040 |
_aGCL / _cGCL |
||
| 082 | 0 | 4 |
_aد _b372.216050 _bم ر |
| 100 | 1 | _aالمجلس العربى للطفولة والتنمية | |
| 245 | 1 | 0 |
_aرياض الاطفال فى الوطن العربى بين الواقع والمستقبل: القاهرة( 6-3 يوليو 1989) / _cالمجلس العربى للطفولة والتنمية |
| 700 | 1 | _aسمير سالم الميلادى (اعداد) | |
| 700 | 1 | _aحنان سراج الدين | |
| 260 |
_a[S.N] : _bالمجلس العربى للطفولة والتنمية ، _c1989 |
||
| 300 | _a326 ص | ||
| 490 |
_aتعلم قواعد الخط _v0 |
||
| 650 | 0 | 4 | _aالاطفال |
| 650 | 0 | 4 | _aرياض الاطفال |
| 942 |
_2ddc _cCF |
||
| 999 |
_c27006 _d27006 |
||